LEADER 01300nam--2200421---450- 001 990000555000203316 035 $a0055500 035 $aUSA010055500 035 $a(ALEPH)000055500USA01 035 $a0055500 100 $a20010710d1982----km-y0itay0103----ba 101 $aita 102 $aIT 105 $a||||||||001yy 200 1 $aDisegnare con la parte destra del cervallo$eguida allo sviluppo della creatività e delle doti artistiche$fdi Betty Edwards 210 $aMilano$cLonganesi$d1982 215 $a216 p.$cill.$d23 cm 225 2 $aLa vostra via 312 $aDrawing on the right side of the brain 410 $12001$aLa vostra via 454 $12001$aDrawing on the right side of the brain$929259 606 0 $aDisegno 606 0 $aPercezione visiva 676 $a741 676 $a741 700 1$aEDWARDS,$bBetty$024597 801 0$aIT$bsalbc$gISBD 912 $a990000555000203316 951 $a741 EDW$b12723 ING$c741 959 $aBK 969 $aTEC 979 $aPATTY$b90$c20010710$lUSA01$h1212 979 $aPATTY$b90$c20010710$lUSA01$h1218 979 $aPATTY$b90$c20010710$lUSA01$h1220 979 $c20020403$lUSA01$h1704 979 $aPATRY$b90$c20040406$lUSA01$h1639 996 $aDrawing on the right side of the brain$929259 997 $aUNISA LEADER 02483nam 22004932a 450 001 9910698258603321 005 20230124182609.0 010 $a1-4356-1198-5 035 $a(CKB)1000000000474729 035 $a(MH)008693095-8 035 $a(SSID)ssj0000268140 035 $a(PQKBManifestationID)12064328 035 $a(PQKBTitleCode)TC0000268140 035 $a(PQKBWorkID)10235760 035 $a(PQKB)10572744 035 $a(OCoLC)53164403 035 $a(EXLCZ)991000000000474729 100 $a20001221d2001 uy 0 101 0 $aeng 181 $ctxt 182 $cc 183 $acr 200 14$aThe vital link $ethe tanker's role in winning America's wars /$fDavid M. Cohen 210 $aMaxwell Air Force Base, AL $cAir University Press$d2001 210 1$aMaxwell Air Force Base, Ala. :$cAir University Press,$d[2001] 215 $a1 online resource (67 p. )$cill. ; 300 $a"Fairchild paper." 311 1 $a1-58566-088-4 320 $aIncludes bibliographical references and index. 330 $aThis paper focuses on the unique and vital capabilities of the US Air Force's KC-135 tanker fleet. It analyzes historic and current tanker usage, tanker operational employment, and the capability of today's tanker fleet, with emphasis on force structure and force management. In light of decreasing budgets, aging airframes, increase downtime for maintenance, and an explosion in the operations tempo, this paper proposes a four-pronged methodology addressing tanker vision, organization, training and employment, as the correction needed to get the KC-135 weapon system back on centerline. This will allow the tanker to effectively aid the Air Force in successfully deterring conflict and, if needed, quickly win the nation's future wars. 606 $aKC-135 (Tanker aircraft) 606 $aAirtankers (Military science)$zUnited States 615 0$aKC-135 (Tanker aircraft) 615 0$aAirtankers (Military science) 676 $a358.4/183 700 $aCohen$b David M.$f1965-$01352390 712 02$aAir University (U.S.).$bPress. 801 0$bDLC 801 1$bDLC 906 $aBOOK 912 $a9910698258603321 996 $aThe vital link$93174993 997 $aUNINA 999 $aThis Record contains information from the Harvard Library Bibliographic Dataset, which is provided by the Harvard Library under its Bibliographic Dataset Use Terms and includes data made available by, among others the Library of Congress LEADER 01327nam 2200361 450 001 996574868203316 005 20231211115045.0 010 $a1-5044-0181-6 024 7 $a10.1109/IEEESTD.1958.8941334 035 $a(CKB)5280000000208117 035 $a(NjHacI)995280000000208117 035 $a(EXLCZ)995280000000208117 100 $a20231211d1958 uy 0 101 0 $aeng 135 $aur||||||||||| 181 $ctxt$2rdacontent 182 $cc$2rdamedia 183 $acr$2rdacarrier 200 10$a178-1958 - IEEE Standards on Piezoelectric Crystals:Determination of The Elastic. Piezoelectric and Dielectric Constants- The Electro mechanical Coupling Factor, 1958 /$fInstitute of Electrical and Electronics Engineers 210 1$aNew York, New York :$cIEEE,$d1958. 215 $a1 online resource (16 pages) 517 $a178-1958 - IEEE Standards on Piezoelectric Crystals 606 $aCrystals 606 $aCrystallography 615 0$aCrystals. 615 0$aCrystallography. 676 $a548 801 0$bNjHacI 801 1$bNjHacl 906 $aDOCUMENT 912 $a996574868203316 996 $a178-1958 - IEEE Standards on Piezoelectric Crystals:Determination of The Elastic. Piezoelectric and Dielectric Constants- The Electro mechanical Coupling Factor, 1958$92582544 997 $aUNISA